| 000 | 00370nam a2200133Ia 4500 | ||
|---|---|---|---|
| 001 | 2535 | ||
| 008 | 241024s9999 xx 000 0 und d | ||
| 082 | _aRD/370.97293/R426m/2011 | ||
| 100 | _aRepública Dominicana. Ministerio de Educación (MINERD) | ||
| 245 | 0 | _aMemoria del año 2011 | |
| 260 |
_bSanto Domingo _c2011 |
||
| 901 | _a9/10/2012 1:49:37 p.m. | ||
| 999 |
_c9028 _d9028 |
||